000 01111cam a22003134a 4500
001 12328441
003 OSt
005 20161021193143.0
008 010227s2001 enk b 001 0 eng
010 _a 2001027369
020 _a0333913213
020 _a0333920678
040 _aDLC
_cDLC
_dDLC
042 _apcc
043 _ae------
050 0 0 _aHN377
_b.S63 2001
082 0 0 _a303.4094
_221
_bSOC 2001
100 _aEdited by Bieler, Andreas; Morton, Adam David,
_911238
245 0 0 _aSocial Forces in the making of the new Europe:
_bthe restructuring of European social relations in the global political economy
260 _aNew York :
_bPalgrave,
_c2001.
300 _axviii, 243 p. ;
_c23 cm.
504 _aIncludes bibliographical references (p. 218-238) and index.
650 0 _aSocial change
_91201
650 0 _aEconomiic development
_91202
830 0 _aSeries in international political economy.
_91206
856 4 2 _3Contributor biographical information
_uhttp://www.loc.gov/catdir/bios/hol058/2001027369.html
906 _a7
_bcbc
_corignew
_d1
_eocip
_f20
_gy-gencatlg
942 _2ddc
_cSLOAN
999 _c452
_d452